000 00309nam a22001337a 4500
008 181008b xxu||||| |||| 00| 0 eng d
020 _a9781416037620
041 _aeng
080 _26th
_a610.73
100 _a2
101 _aINF
245 _aMedical- Surgical Nursing
_cIgnatavicius,D.D
942 _2udc
_cBK
999 _c49010
_d49010